00988 2200289 4500001002100000005001700021008004100038035002400079082000800103090001800111100001500129245016800144250001100312260015000323300002900473500002900502650004300531700002000574700001200594700001400606850001200620980001500632985000600647999001500653999001500668999001500683YOGYA-0209000004992620090227032419.0 ind  0010-020900000049926 a200 a200bSit PlT aSITI MARIA aPergeseran interpretasi terhadap nilai-nilai keagamaan di kawasan industri Kotagede Yogyakartacpenulis, Siti Maria, Enik Saptirini, Taryati, penyunting, Ernayanti acet. 1 aJakartabDepdikbud. Dirjend. Kebudayaan Direktorat Sejarah dan Nilai radisional bagian proyek pengkajian dan pembinaan Kebudayaan Masa Kinic1998 axii, 82 hlmbilusc21 cm aBibliografi : hlm. 81-82 aAgama - Pengaruh - Masyarakat industri aSaptirini, Enik aTaryati aErnayanti aYOPDYOG a05-11-2007 a3 a98A0030370 a98A0030371 a98A0030372